[Event "Challenge"]
[Site "http://www.queenalice.com/game.php?id=430679"]
[Date "2008.7.10"]
[Round "-"]
[White "Proszek"]
[Black "AndrioCatilio"]
[Result "0-1"]
[WhiteElo "1359"]
[BlackElo "1229"]

1. e4 e5 2. Qh5 Nc6 3. Bb5 g6 4. Qf3 Nd4 5. Qd3 c6 6. Bc4 d5 7. exd5 Bf5 8. Qc3
Nxc2+ 9. Kd1 Nxa1 10. Qxe5+ Qe7 11. Qxh8 Bc2# 0-1

[Event "AUTO-INT-960"]
[Site "http://www.queenalice.com/game.php?id=430695"]
[Date "2008.7.10"]
[Round "1"]
[White "Borsssoi"]
[Black "Proszek"]
[Result "0-1"]
[WhiteElo "1528"]
[BlackElo "1339"]

1. d4 d5 2. f4 e6 3. Nf3 Nc6 4. e3 Nf6 5. c4 Bb4+ 6. Bd2 Qd6 7. c5 Bxd2+ 8. Qxd2
Qe7 9. Nc3 h5 10. a3 Na5 11. Qc2 Ng4 12. Qa4+ Nc6 13. O-O-O Nxe3 14. Re1 Ng4 15.
Re2 Bd7 16. h3 Nf6 17. Nb5 Kd8 18. Re3 a6 19. f5 Kc8 20. fxe6 fxe6 21. Bd3 Kb8
22. Rhe1 Nd8 23. Ne5 axb5 24. Qc2 Ra4 25. Ng6 Qf8 26. Nxf8 Rxf8 27. Qb3 Rxd4 28.
Bxb5 c6 29. Be2 Nf7 30. Qc3 Rf4 31. Qb3 Ne4 32. Ba6 Bc8 33. Qb4 Kc7 34. g3 Rf2
35. Rb3 bxa6 36. Qb8+ Kd8 37. Rb6 Nxc5 38. Rxc6 Ke7 39. Rexe6+ Nxe6 40. Qd6+
Nxd6 0-1

[Event "AUTO-INT-960"]
[Site "http://www.queenalice.com/game.php?id=430696"]
[Date "2008.7.10"]
[Round "1"]
[White "Proszek"]
[Black "Borsssoi"]
[Result "1-0"]
[WhiteElo "1303"]
[BlackElo "1436"]

1. e4 e6 2. Bc4 d5 3. Be2 Qf6 4. d3 Bc5 5. Nf3 Nh6 6. Bg5 Qg6 7. h4 f6 8. Bxh6
Qxh6 9. a3 O-O 10. b4 dxe4 11. dxe4 Nc6 12. bxc5 f5 13. e5 Rd8 14. Nbd2 Qg6 15.
h5 Qxg2 16. Rg1 Qh3 17. Rg5 Qh1+ 18. Bf1 Nd4 19. Nxd4 Rxd4 20. c3 Rh4 21. Qa4
Rxh5 22. Qe8# 1-0

[Event "AUTO-INT-960"]
[Site "http://www.queenalice.com/game.php?id=430707"]
[Date "2008.7.10"]
[Round "1"]
[White "xadrezpetry"]
[Black "Proszek"]
[Result "1-0"]
[WhiteElo "1454"]
[BlackElo "1338"]

1. e4 e5 2. Qh5 Nf6 3. Qxe5+ Be7 4. Nf3 d6 5. Qg3 g6 6. e5 Ne4 7. Qf4 d5 8. b3
Nc6 9. c4 Bg5 10. Nxg5 Nxg5 11. cxd5 Na5 12. Bb5+ c6 13. dxc6 bxc6 14. Bc4 Qc7
15. Qxg5 h6 16. Qf6 Rf8 17. d4 Qb6 18. Bxh6 Qb4+ 19. Bd2 Qe7 20. Bxa5 Qd7 21. e6
fxe6 22. Qxg6+ Ke7 23. Bb4+ Kd8 24. Bxf8 Qxd4 25. Qg5+ Kc7 26. Bg7 Qe4+ 27. Be2
Ba6 28. Qe3 Qb4+ 29. Nc3 Rg8 30. Qxa7+ Bb7 31. Bc4 Qxc3+ 32. Bxc3 Rxg2 33. Bxe6
Rg6 34. Be5+ Kd8 35. Rd1+ Ke7 36. Rd7+ Kf8 37. Qb8+ Bc8 38. Qxc8# 1-0

[Event "AUTO-INT-960"]
[Site "http://www.queenalice.com/game.php?id=430708"]
[Date "2008.7.10"]
[Round "1"]
[White "Proszek"]
[Black "xadrezpetry"]
[Result "1-0"]
[WhiteElo "1363"]
[BlackElo "1437"]

1. e4 e5 2. Nf3 Nc6 3. d3 Nd4 4. Nxe5 Qe7 5. Bf4 g5 6. Bg3 Qb4+ 7. c3 Qxb2 8.
Nd2 Nc2+ 9. Ke2 Nxa1 10. Nc4 Qxc3 11. Be5 Qc2 12. Bxh8 Qxa2 13. g3 b5 14. Ne5 b4
15. Nc4 Bb7 16. Bxa1 f5 17. Bg2 g4 18. Rg1 fxe4 19. dxe4 Nf6 20. Bxf6 Kf7 21.
Bd4 c5 22. Be3 Re8 23. h3 Bxe4 24. Bxe4 Rxe4 25. Qc1 Qxc4+ 26. Nxc4 Bh6 27. Nd6+
1-0

[Event "AUTO-INT-960"]
[Site "http://www.queenalice.com/game.php?id=430715"]
[Date "2008.7.10"]
[Round "1"]
[White "Proszek"]
[Black "andre_ramos"]
[Result "1-0"]
[WhiteElo "1279"]
[BlackElo "1482"]

1. e4 e5 2. Bc4 Nf6 3. d3 h6 4. Nf3 Bc5 5. Nxe5 d5 6. exd5 Nxd5 7. Qh5 O-O 8.
Qf3 Nb4 9. Bxf7+ Kh7 10. Qe4+ Kh8 11. Ng6+ 1-0

[Event "AUTO-INT-960"]
[Site "http://www.queenalice.com/game.php?id=430716"]
[Date "2008.7.10"]
[Round "1"]
[White "andre_ramos"]
[Black "Proszek"]
[Result "1-0"]
[WhiteElo "1627"]
[BlackElo "1306"]

1. e4 e5 2. Nf3 Nc6 3. Bb5 Qf6 4. d3 Nd4 5. Ng5 h6 6. Nf3 a6 7. Nxd4 exd4 8. Bc4
Bb4+ 9. Bd2 Bc5 10. O-O d6 11. c3 b5 12. Bd5 Rb8 13. cxd4 Bxd4 14. Bc3 Ne7 15.
Bxd4 Qxd4 16. Bc6+ Nxc6 17. Nc3 b4 18. Na4 Bg4 19. Qxg4 Qxd3 20. Qxg7 Ke7 21. b3
Qxe4 22. Rfe1 Rhg8 23. Rxe4+ Ne5 24. Qxh6 Rg6 25. Qh4+ f6 26. Qh7+ Kf8 27. Rxe5
Rg7 28. Qh8+ Rg8 29. Qxf6# 1-0

[Event "Jogo Rápido # 14"]
[Site "http://www.queenalice.com/game.php?id=431311"]
[Date "2008.7.11"]
[Round "-"]
[White "felipecpv94"]
[Black "Proszek"]
[Result "0-1"]
[WhiteElo "1273"]
[BlackElo "1325"]

1. e4 e5 2. Nf3 Nc6 3. a3 Nf6 4. Nc3 a6 5. d4 exd4 6. Nxd4 d6 7. Nxc6 bxc6 8. h3
d5 9. e5 Qe7 10. f4 Ne4 11. Nxe4 dxe4 12. Qd4 Qh4+ 13. Kd1 Bg4+ 14. Be2 Rd8 15.
Qd2 Rxd2+ 16. Bxd2 Be6 17. Be1 Qxf4 18. g3 Qxe5 19. c3 f5 20. Rf1 g6 21. b4 Bb3+
22. Kc1 Bh6+ 23. Bd2 Qxc3+ 24. Kb1 Qc2# 0-1

[Event "Challenge"]
[Site "http://www.queenalice.com/game.php?id=434013"]
[Date "2008.7.16"]
[Round "-"]
[White "Proszek"]
[Black "wagner_k"]
[Result "0-1"]
[WhiteElo "1289"]
[BlackElo "1447"]

1. e4 d5 2. d3 Be6 3. h3 Nf6 4. e5 Nc6 5. exf6 d4 6. fxg7 Bxg7 7. Qf3 Bd5 8. Qg4
Rg8 9. Bh6 Kf8 10. Qh5 Qd6 11. Bd2 Qe6+ 12. Be2 Bxg2 13. Rh2 Bf6 14. Bh6+ Ke8
15. Na3 Bd5 16. Kd2 Be5 17. c4 Rd8 18. Nb5 Bxh2 19. Nxc7+ Bxc7 20. cxd5 Rxd5 21.
Qh4 Ba5+ 22. b4 Bxb4+ 23. Kc2 Rc5+ 24. Kb2 Bc3+ 25. Kb1 Rxg1+ 26. Bc1 Rb5+ 27.
Kc2 Qxe2+ 28. Bd2 Qxd2# 0-1

[Event "AUTO-INT-968"]
[Site "http://www.queenalice.com/game.php?id=434123"]
[Date "2008.7.16"]
[Round "1"]
[White "rubensar"]
[Black "Proszek"]
[Result "1-0"]
[WhiteElo "1706"]
[BlackElo "1327"]

1. e4 e5 2. Nf3 d6 3. Bc4 Nf6 4. Ng5 Be6 5. Nxe6 fxe6 6. Bxe6 Nxe4 7. Bd5 Qh4 8.
O-O Nf6 9. Bxb7 Ng4 10. h3 Nf6 11. Bxa8 Be7 12. d3 O-O 13. Nc3 Na6 14. Bd5+ Kh8
15. Bc4 g5 16. Bxa6 g4 17. g3 Qxh3 18. Bb7 Rg8 19. Nd5 Nh5 20. Nxe7 Rf8 21. Bg2
Qxg2+ 22. Kxg2 1-0

[Event "AUTO-INT-968"]
[Site "http://www.queenalice.com/game.php?id=434124"]
[Date "2008.7.16"]
[Round "1"]
[White "Proszek"]
[Black "rubensar"]
[Result "0-1"]
[WhiteElo "1327"]
[BlackElo "1751"]

1. e4 e5 2. Qh5 d6 3. Bc4 g6 4. Qf3 Qe7 5. d3 Be6 6. Nc3 Bxc4 7. dxc4 c6 8. Nh3
Bg7 9. Bg5 Qc7 10. O-O-O Ne7 11. b4 O-O 12. b5 h6 13. Be3 Qa5 14. Bd2 Qa3+ 15.
Kb1 Qb4+ 16. Ka1 Qxc4 17. bxc6 bxc6 18. Rb1 Na6 19. Rb2 d5 20. exd5 Nxd5 21. Rb3
Nc5 22. Ra3 e4 23. Qg4 Nxc3 24. Bxc3 Bxc3+ 25. Kb1 Rab8+ 26. Kc1 Bb2+ 27. Kd2
e3+ 28. Rxe3 Qxg4 29. Rg3 Qd4+ 30. Ke2 Rfe8+ 31. Kf3 Qe4# 0-1

[Event "AUTO-INT-968"]
[Site "http://www.queenalice.com/game.php?id=434135"]
[Date "2008.7.16"]
[Round "1"]
[White "Mehiel"]
[Black "Proszek"]
[Result "1-0"]
[WhiteElo "1679"]
[BlackElo "1289"]

1. e4 e5 2. Nf3 d6 3. Bc4 Nf6 4. Nc3 Be6 5. Bxe6 fxe6 6. O-O d5 7. d3 d4 8. Nb5
c6 9. Na3 Bc5 10. Nxe5 h5 11. Nac4 Nbd7 12. Bg5 b5 13. Na3 Nxe5 14. Bxf6 Qxf6
15. Nb1 Ng4 16. h3 Ne5 17. Nd2 Rh6 18. Nb3 Bd6 19. Na5 Rg6 20. Qxh5 Nf3+ 21. Kh1
Qf4 22. g3 Qf6 23. Qh8+ 1-0

[Event "AUTO-INT-968"]
[Site "http://www.queenalice.com/game.php?id=434136"]
[Date "2008.7.16"]
[Round "1"]
[White "Proszek"]
[Black "Mehiel"]
[Result "0-1"]
[WhiteElo "1291"]
[BlackElo "1677"]

1. e4 e5 2. Qh5 Nc6 3. Nf3 Nf6 4. Qh3 Nxe4 5. d3 Nf6 6. Bg5 h6 7. Bxf6 Qxf6 8.
Nc3 d6 9. Nd5 Qe6 10. Nxc7+ Kd8 11. Nxe6+ Bxe6 12. Qh4+ Be7 13. Qg3 Bf6 14.
O-O-O Kd7 15. Ne1 Rhc8 16. b3 Nd4 17. Rd2 Rc3 18. Nf3 Rac8 19. Ne1 Bg5 20. Kd1
f6 21. Nf3 Bxd2 22. Qxg7+ Kd8 23. Qxf6+ Kd7 0-1

[Event "AUTO-INT-968"]
[Site "http://www.queenalice.com/game.php?id=434141"]
[Date "2008.7.16"]
[Round "1"]
[White "Borsssoi"]
[Black "Proszek"]
[Result "1-0"]
[WhiteElo "1468"]
[BlackElo "1371"]

1. e4 e5 2. c4 Qh4 3. g3 Qxe4+ 4. Qe2 Qxh1 5. Nf3 d6 6. Kd1 Bg4 7. Qe1 Qxf3+ 8.
Be2 Qf5 9. Nc3 Nf6 10. d3 Nc6 11. Bxg4 Nxg4 12. Be3 Qxd3+ 13. Qd2 Qf1+ 14. Qe1
Qxc4 15. b3 Qa6 16. Qe2 Nxh2 17. Qxa6 bxa6 18. Rc1 Be7 19. Nd5 O-O 20. Rxc6 Nf3
21. Nxe7+ Kh8 22. Rxc7 h5 23. Ke2 Ng1+ 24. Kf1 Nh3 25. Nd5 f5 26. Rd7 Rac8 27.
Ne7 Rc1+ 28. Kg2 Rc2 29. a4 g5 30. Kxh3 g4+ 31. Kh4 f4 32. Bxa7 fxg3 33. fxg3
Rh2+ 34. Kg5 Rf3 35. Rxd6 Rxg3 36. Ng6+ Kg7 37. Rd7+ Kg8 38. Kh6 e4 39. Rg7# 1-0

[Event "AUTO-INT-968"]
[Site "http://www.queenalice.com/game.php?id=434142"]
[Date "2008.7.16"]
[Round "1"]
[White "Proszek"]
[Black "Borsssoi"]
[Result "0-1"]
[WhiteElo "1382"]
[BlackElo "1508"]

1. e4 d5 2. d3 e6 3. e5 Nc6 4. d4 f6 5. exf6 Qxf6 6. Nf3 Nge7 7. Bg5 Qg6 8. Nc3
Bd7 9. Bd3 Qh5 10. h3 h6 11. g4 Qf7 12. Nb5 O-O-O 13. Bxe7 Bxe7 14. c3 a6 15.
Na3 Rhf8 16. Be2 e5 17. dxe5 Nxe5 18. O-O Nxf3+ 19. Bxf3 Qxf3 20. Qd4 Rf4 21.
Qa7 Bc6 22. Nc2 d4 23. Rad1 Qg2# 0-1

[Event "Challenge"]
[Site "http://www.queenalice.com/game.php?id=442791"]
[Date "2008.8.2"]
[Round "-"]
[White "allvaro"]
[Black "Proszek"]
[Result "1-0"]
[WhiteElo "1499"]
[BlackElo "1297"]

1. e4 e5 2. d4 Qe7 3. b3 Nf6 4. Nf3 exd4 5. Bg5 Qb4+ 6. Bd2 Qb6 7. Bc4 Nxe4 8.
Ne5 Qf6 9. Nf3 Qe7 10. h4 Nc3+ 11. Kf1 Nxd1 12. Bg5 f6 13. Bd2 d6 14. Na3 Bg4
15. Rxd1 Nc6 16. Re1 Ne5 17. Nxd4 d5 18. Bxd5 Qxa3 19. f3 Bf5 20. Nxf5 Rd8 21.
f4 Rxd5 22. fxe5 Qa6+ 23. Kg1 fxe5 24. Bf4 Bc5+ 25. Be3 Qa5 26. Re2 Rd1+ 27. Kh2
Rd5 28. Nxg7+ 1-0

[Event "Challenge"]
[Site "http://www.queenalice.com/game.php?id=442792"]
[Date "2008.8.2"]
[Round "-"]
[White "allvaro"]
[Black "Proszek"]
[Result "1-0"]
[WhiteElo "1490"]
[BlackElo "1306"]

1. e4 e5 2. d4 exd4 3. Qxd4 Nc6 4. Qe3 d6 5. c3 Nf6 6. Qf3 Bg4 7. Qf4 h5 8. b4
Qe7 9. f3 Be6 10. b5 Ne5 11. h3 g6 12. h4 Bh6 13. Qg3 Bxc1 14. f4 Nxe4 15. Qh2
Qf6 16. fxe5 Qxe5 17. Qxe5 dxe5 18. Nf3 Bb2 19. Bd3 Bxa1 20. Bxe4 O-O 21. Bxb7
Rab8 22. Bc6 Rbd8 23. Nxe5 f6 24. Nxg6 Rf7 25. g3 Rg7 26. Nf4 Bxa2 27. Ne6 1-0

[Event "Challenge"]
[Site "http://www.queenalice.com/game.php?id=442793"]
[Date "2008.8.2"]
[Round "-"]
[White "Proszek"]
[Black "allvaro"]
[Result "0-1"]
[WhiteElo "1316"]
[BlackElo "1463"]

1. e4 e5 2. Qh5 g6 3. Qxe5+ Ne7 4. Qxh8 h5 5. b3 Nec6 6. d3 d6 7. Bh6 Ne5 8.
Bxf8 Kd7 9. g3 c5 10. Nc3 a6 11. Bh3+ Kc7 12. Nd5+ Kc6 13. c3 Nxd3+ 14. Ke2 Ne5
15. Rd1 Bxh3 16. Ne7+ Kb6 17. Nf3 Bg4 18. Rd5 Bxf3+ 19. Ke3 Bxh1 20. Qf6 Ng4+
21. Kf4 Nxf6 22. Rd3 g5+ 23. Kxg5 Nbd7 24. Rxd6+ Ka7 25. b4 Nxe4+ 26. Kxh5 Nxd6
0-1

[Event "Challenge"]
[Site "http://www.queenalice.com/game.php?id=442794"]
[Date "2008.8.2"]
[Round "-"]
[White "Proszek"]
[Black "allvaro"]
[Result "0-1"]
[WhiteElo "1327"]
[BlackElo "1452"]

1. e4 e5 2. Nf3 d5 3. exd5 e4 4. Qe2 f5 5. d3 Qxd5 6. Nc3 Bb4 7. Bd2 Qd6 8. Nb5
Qe7 9. Ng5 h6 10. Nh3 g5 11. a3 g4 12. Nf4 Bd6 13. Ng6 Qg7 14. Nf4 c6 15. Nxd6+
Kd7 16. Bc3 Nf6 17. Be5 h5 18. Qd2 Rh6 19. dxe4 Qe7 20. Nxf5+ Ke8 21. Nxe7 Nxe4
22. Qb4 Na6 23. Ng8 Nac5 24. Bd4 a5 25. Qc4 b5 26. Qe2 Rd6 0-1